AH International Schools' Libraries

That's Not My Mermaid: (Record no. 49204)

MARC details
000 -LEADER
fixed length control field 00447nam a2200145 4500
020 ## - INTERNATIONAL STANDARD BOOK NUMBER
International Standard Book Number 9781474959025
100 ## - MAIN ENTRY--PERSONAL NAME
Personal name Watt, Fiona,
Relator term author.
9 (RLIN) 38829
245 ## - TITLE STATEMENT
Title That's Not My Mermaid:
Remainder of title Usborne touchy-feely books /
260 ## - PUBLICATION, DISTRIBUTION, ETC. (IMPRINT)
Place of publication, distribution, etc UK:
Name of publisher, distributor, etc Usborne Publishing Ltd.
Date of publication, distribution, etc 2019.
300 ## - PHYSICAL DESCRIPTION
Extent 10 pages.
Dimensions 6.54 x 0.87 x 6.54 inches.
490 ## - SERIES STATEMENT
Series statement That's not my
650 ## - SUBJECT ADDED ENTRY--TOPICAL TERM
9 (RLIN) 38886
Topical term or geographic name as entry element Sea stories
Form subdivision Juvenile fiction.
650 ## - SUBJECT ADDED ENTRY--TOPICAL TERM
9 (RLIN) 74736
Topical term or geographic name as entry element Mermaids.
942 ## - ADDED ENTRY ELEMENTS (KOHA)
Source of classification or shelving scheme
Koha item type Board Book
Holdings
Withdrawn status Lost status Source of classification or shelving scheme Damaged status Not for loan Home library Current library Date acquired Total Checkouts Total Renewals Full call number Barcode Checked out Date last seen Date checked out Price effective from Koha item type
          Logos International School Logos International School 08/08/2025 6 1 BB WAT 040712 06/26/2026 02/09/2026 02/09/2026 08/08/2025 Board Book

For any Logos Library related questions please contact Miss Art at swongnarasuk@asianhope.org.

For any Asian Hope Library related questions please contact Miss Raza at graza@asianhope.org.

Click here to explore our ebooks!

Powered by Koha